Revivaltime Pulpit / (Record no. 3898)

MARC details
000 -LEADER
fixed length control field 00604nam a22002057a 4500
003 - CONTROL NUMBER IDENTIFIER
control field GBCCL
005 - DATE AND TIME OF LATEST TRANSACTION
control field 20241126110506.0
008 - FIXED-LENGTH DATA ELEMENTS--GENERAL INFORMATION
fixed length control field 171215b xxu||||| |||| 00| 0 eng d
040 ## - CATALOGING SOURCE
Transcribing agency gbc
082 ## - DEWEY DECIMAL CLASSIFICATION NUMBER
Classification number 252
Item number WAR
100 ## - MAIN ENTRY--PERSONAL NAME
Personal name Ward, C. M.
Dates associated with a name 1909-1996
9 (RLIN) 11192
245 ## - TITLE STATEMENT
Title Revivaltime Pulpit /
Statement of responsibility, etc. C. M. Ward
260 ## - PUBLICATION, DISTRIBUTION, ETC.
Name of publisher, distributor, etc. Assemblies of God National Radio Dept.,
Place of publication, distribution, etc. Springfield, Mo.,
Date of publication, distribution, etc. 1957-
300 ## - PHYSICAL DESCRIPTION
Extent volumes 22 cm
440 ## - SERIES STATEMENT/ADDED ENTRY--TITLE
Title Sermon Book
9 (RLIN) 11425
650 ## - SUBJECT ADDED ENTRY--TOPICAL TERM
Topical term or geographic name entry element Assemblies of God -- Sermons.
9 (RLIN) 11423
650 ## - SUBJECT ADDED ENTRY--TOPICAL TERM
Topical term or geographic name entry element Evangelistic sermons.
9 (RLIN) 5636
650 ## - SUBJECT ADDED ENTRY--TOPICAL TERM
Topical term or geographic name entry element Radio programs.
9 (RLIN) 11424
942 ## - ADDED ENTRY ELEMENTS (KOHA)
Source of classification or shelving scheme Dewey Decimal Classification
Koha item type Books
Holdings
Withdrawn status Lost status Source of classification or shelving scheme Damaged status Not for loan Home library Current Library Shelving location Date acquired Total checkouts Full call number Barcode Date last seen Copy number Price effective from Koha item type
    Dewey Decimal Classification     GRACE BIBLE COLLEGE GRACE BIBLE COLLEGE Ministry & Mission 2017-12-15   252 WAR 006294 2025-05-01 v.20 2017-12-15 Books
    Dewey Decimal Classification     GRACE BIBLE COLLEGE GRACE BIBLE COLLEGE Ministry & Mission 2018-05-11   252 WAR 009385 2025-05-01 v.23 2018-05-11 Books
© Grace Bible College Library 2025